Radar design principles : (Record no. 1009)

MARC details
000 -LEADER
fixed length control field 00831nac a22002171u 4500
010 ## - LIBRARY OF CONGRESS CONTROL NUMBER
LC control number 90041313
020 ## - INTERNATIONAL STANDARD BOOK NUMBER
International Standard Book Number 8120325109
082 00 - DEWEY DECIMAL CLASSIFICATION NUMBER
Classification number 621.3848
Item number N275
090 ## - LOCALLY ASSIGNED LC-TYPE CALL NUMBER (OCLC); LOCAL CALL NUMBER (OCLC)
-- 1009
-- 1009
100 ## - MAIN ENTRY--PERSONAL NAME
Personal name Nathanson, Fred E.
245 10 - TITLE STATEMENT
Title Radar design principles :
Remainder of title signal processing and the environment /
Statement of responsibility, etc Fred E. Nathanson, with J. Patrick Reilly, Marvin N. Cohen.
250 ## - EDITION STATEMENT
Edition statement 2nd ed.
260 ## - PUBLICATION, DISTRIBUTION, ETC. (IMPRINT)
Place of publication, distribution, etc New Delhi :
Name of publisher, distributor, etc Prentice-Hall of India,
Date of publication, distribution, etc 2004.
300 ## - PHYSICAL DESCRIPTION
Extent xiii, 720 p. :
Other physical details ill. ;
Dimensions 24 cm.
504 ## - BIBLIOGRAPHY, ETC. NOTE
Bibliography, etc Includes bibliographical references (p. 681-713) and index.
650 #0 - SUBJECT ADDED ENTRY--TOPICAL TERM
Topical term or geographic name as entry element Radar.
700 1# - ADDED ENTRY--PERSONAL NAME
Personal name Reilly, J. Patrick.
700 1# - ADDED ENTRY--PERSONAL NAME
Personal name Cohen, Marvin,
Dates associated with a name 1949-
942 ## - ADDED ENTRY ELEMENTS (KOHA)
Item type Book - Borrowing
Call number prefix 621.3848N275
Holdings
Withdrawn status Item status Source of classification or shelving scheme Damaged status Not for loan Vendor Home library Current library Shelving location Date acquired Source of acquisition Cost, normal purchase price Total Checkouts Full call number Barcode Date last seen Cost, replacement price Koha item type
    Dewey Decimal Classification       Central Library Central Library First floor 06/08/2016   140.00   621.3848 NAT 000003496 15/07/2025 175.00 Book - Borrowing